| 000 | 00422nam a2200145Ia 4500 | ||
|---|---|---|---|
| 008 | 211109s9999||||xx |||||||||||||| ||und|| | ||
| 082 |
_a954.83 _bBAL-J |
||
| 100 | _aBalakrishnan, P K | ||
| 245 | 0 | _aJathivyvasthithiyum Kerala Charithravum | |
| 260 |
_bSahithya Pravarthaka... _aKottayam _c1983 |
||
| 300 | _a453p. | ||
| 630 | _xGeneral Stack | ||
| 650 |
_aHistory _vIndian History _xKerala HistoryGeneralia |
||
| 942 | _cBOOK | ||
| 999 |
_c92381 _d92381 |
||